| 000 | 00671nam a2200181 a 4500 | ||
|---|---|---|---|
| 001 | 000023369 | ||
| 005 | 20200930022153.0 | ||
| 008 | 101203s1993 pr c r 000 0 spa d | ||
| 040 |
_aDO-SdBNP _bspa _cBNPHU |
||
| 082 |
_axxxxx _bG887t |
||
| 245 | 0 | 0 |
_aRicardo Grullón : _bTestimonio de recordación / _cedición Raquel Sárraga. |
| 260 |
_aSan Juan, Puerto Rico : _bUniversidad de Puerto Rico, _c1993. |
||
| 300 |
_a63 p. : _bretrs. ; _c15 cm. |
||
| 500 | _aIncluye notas al pie de las páginas. | ||
| 500 | _aHomenaje póstumo a Ricardo Grullón 10 de abril de 1991 en la sala Zenobia y Juan Ramón Jiménez | ||
| 700 | 1 |
_aSárraga, Raquel, _eed. _948139 |
|
| 049 | _aBNGR | ||
| 999 |
_c22866 _d22866 |
||